Online Public Access Catalogue

Medical Microbiology & Immunology / (Record no. 7207)

MARC details
000 -LEADER
fixed length control field 00508nam a2200157Ia 4500
020 ## - INTERNATIONAL STANDARD BOOK NUMBER
International Standard Book Number 9780071742689
082 ## - DEWEY DECIMAL CLASSIFICATION NUMBER
Classification number 616.9041
Author Mark LEV
100 ## - MAIN ENTRY--PERSONAL NAME
Author Name Levinson, Warren.
245 #0 - TITLE STATEMENT
Title Medical Microbiology & Immunology /
250 ## - EDITION STATEMENT
Edition statement 11th
260 ## - PUBLICATION, DISTRIBUTION, ETC.
Place of publication, distribution, etc. New York
Name of publisher, distributor, etc. Lange Medical Books
Date of publication, distribution, etc. 2010
300 ## - PHYSICAL DESCRIPTION
No of Pages 632
illustrations ILL
Dimensions 27CM
504 ## - BIBLIOGRAPHY, ETC. NOTE
Bibliography, Index, etc. note Include:index
650 ## - SUBJECT ADDED ENTRY--TOPICAL TERM
Subject Immunology_examination questions.
Keywords basic bacteriology, clinical bacteriology, clinical verology, basic, virology
942 ## - ADDED ENTRY ELEMENTS (KOHA)
Koha item type Books
Source of classification or shelving scheme
952 ## - LOCATION AND ITEM INFORMATION (KOHA)
-- 2018-03-16
952 ## - LOCATION AND ITEM INFORMATION (KOHA)
-- 2018-03-16
952 ## - LOCATION AND ITEM INFORMATION (KOHA)
-- 2018-03-16
952 ## - LOCATION AND ITEM INFORMATION (KOHA)
-- 2018-03-16
952 ## - LOCATION AND ITEM INFORMATION (KOHA)
-- 2018-03-16
952 ## - LOCATION AND ITEM INFORMATION (KOHA)
-- 2018-03-16
952 ## - LOCATION AND ITEM INFORMATION (KOHA)
-- 2018-03-16
952 ## - LOCATION AND ITEM INFORMATION (KOHA)
-- 2018-03-16
952 ## - LOCATION AND ITEM INFORMATION (KOHA)
-- 2018-03-16
952 ## - LOCATION AND ITEM INFORMATION (KOHA)
-- 2018-03-16
952 ## - LOCATION AND ITEM INFORMATION (KOHA)
-- 2018-03-16
952 ## - LOCATION AND ITEM INFORMATION (KOHA)
-- 2018-03-16
952 ## - LOCATION AND ITEM INFORMATION (KOHA)
-- 2018-03-16
Holdings
Item status Home library Current library Shelving location Date acquired Total Checkouts Full call number Barcode Date last seen Koha item type Total Renewals Date last checked out Checked out
  Islamabad Medical and Dental College Islamabad Medical and Dental College Islamabad Medical and Dental College 16/03/2018   QW 518.2 8968 16/03/2018 Books      
Damage { Not Available } Islamabad Medical and Dental College Islamabad Medical and Dental College Islamabad Medical and Dental College 16/03/2018 7 616.9041 LEV 8969 14/02/2020 Books 2 10/02/2020  
  Islamabad Medical and Dental College Islamabad Medical and Dental College Islamabad Medical and Dental College 16/03/2018 4 QW 518.2 8970 31/08/2018 Books   31/08/2018  
  Islamabad Medical and Dental College Islamabad Medical and Dental College Islamabad Medical and Dental College 16/03/2018 21 616.9041 LEV 8971 07/03/2025 Books 4 31/12/2024  
  Islamabad Medical and Dental College Islamabad Medical and Dental College Islamabad Medical and Dental College 16/03/2018 14 616.9041 LEV 8972 28/01/2026 Books   08/11/2023  
  Islamabad Medical and Dental College Islamabad Medical and Dental College Islamabad Medical and Dental College 16/03/2018 7 616.9041 LEV 8973 20/09/2022 Books   20/09/2022  
  Islamabad Medical and Dental College Islamabad Medical and Dental College Islamabad Medical and Dental College 16/03/2018 10 616.9041 LEV 8974 03/07/2025 Books 3 29/01/2025  
  Islamabad Medical and Dental College Islamabad Medical and Dental College Islamabad Medical and Dental College 16/03/2018   QW 518.2 8975 16/03/2018 Books      
  Islamabad Medical and Dental College Islamabad Medical and Dental College Islamabad Medical and Dental College 16/03/2018 5 616.9041 LEV 8976 06/08/2019 Books   06/08/2019  
  Islamabad Medical and Dental College Islamabad Medical and Dental College Islamabad Medical and Dental College 16/03/2018   QW 518.2 8977 16/03/2018 Books      
  Islamabad Medical and Dental College Islamabad Medical and Dental College Islamabad Medical and Dental College 16/03/2018 17 QW 518.2 8978 06/03/2026 Books 3 06/03/2026 20/03/2026
  Islamabad Medical and Dental College Islamabad Medical and Dental College Islamabad Medical and Dental College 16/03/2018   QW 518.2 8979 16/03/2018 Books      
  Islamabad Medical and Dental College Islamabad Medical and Dental College Islamabad Medical and Dental College 16/03/2018   QW 518.2 8980 16/03/2018 Books      
  Islamabad Medical and Dental College Islamabad Medical and Dental College Islamabad Medical and Dental College 16/03/2018 1 QW 518.2 8981 29/03/2018 Books   29/03/2018  
  Islamabad Medical and Dental College Islamabad Medical and Dental College Islamabad Medical and Dental College 16/03/2018   QW 518.2 8982 16/03/2018 Books      
  Islamabad Medical and Dental College Islamabad Medical and Dental College Islamabad Medical and Dental College 16/03/2018 9 QW 518.2 8983 13/10/2022 Books 1 13/10/2022 27/10/2022
  Islamabad Medical and Dental College Islamabad Medical and Dental College Islamabad Medical and Dental College 16/03/2018 20 616.9041 LEV 8984 14/01/2026 Books 2 14/01/2026 28/01/2026
  Islamabad Medical and Dental College Islamabad Medical and Dental College Islamabad Medical and Dental College 16/03/2018   QW 518.2 8985 16/03/2018 Books      
  Islamabad Medical and Dental College Islamabad Medical and Dental College Islamabad Medical and Dental College 16/03/2018   QW 518.2 8986 16/03/2018 Books      
  Islamabad Medical and Dental College Islamabad Medical and Dental College Islamabad Medical and Dental College 16/03/2018 2 QW 518.2 9023 18/08/2022 Books   01/08/2022  

Copyright @ IMDC Library
Islamabad Medical and Dental College
Bhara Kahu, Islamabad

  Contact the Librarian, IMDC
  Email:: library@imdcollege.edu.pk

  OPAC Customized by
  Mazhar Hussain,
  Librarian:
  Islamabad Medical and Dental College
  Email:: library@imdcollege.edu.pk